000 00453nam a2200169Ia 4500
003 LK-CoDNM
005 20240927150337.0
008 010623t1910 xxu||||| |||| 00| 1 eng d
040 _aLK-CoDNM
_dLK-CoDNM
_eLK-CoDNM
041 _aeng
080 _a24
_bG97
245 _aThe National Archives : Quarterly Review
260 _bJohn Murray
_aLondon
_c1910
300 _b88p. : 22 cm
650 _aThe National Archives : Quarterly Review
942 _cBK
999 _c87304
_d87304